00630nam a22002057a 450000500170000001000150001702000260003203500140005803700090007208200110008110000250009224500570011726000550017427000900022930000270031970000160034670000170036270000220037970000230040120220218144024.0 aENG-131679 a9788195267835c127.00 aEN-115211 bDBAD a658.45 aChoudary, G. Sridevi aBusiness Communication/cG. Sridevi Choudhary et.al. aHyderabadbSunRaise International Publishersc2021 a# 326/C, III Floor, Surneni Nilayam Near B K Guda Park, S R NagarbHyderabade500038 aviii, 136p.c24cm(pbk) aSailaja, M. aNagaraju, P. aRao, E. Prabhakar aBabu, A. Srinivasa